000
00237nam a2200097Ia 4500
005
20251222120856.0
008
251222s1900||||xx |||||||||||||| ||spa||
082
_a
DVD0010/K87/2001
245
0
_a
Cara de guerra:Full Metal Jacket
942
_c
DVD
999
_c
2400
_d
2400